Williams' law and practice in bankruptcy. (Record no. 584)
[ view plain ]
| 000 -LEADER | |
|---|---|
| fixed length control field | 01588cam a22003851a 4500 |
| 001 - CONTROL NUMBER | |
| control field | 6485206 |
| 003 - CONTROL NUMBER IDENTIFIER | |
| control field | OSt |
| 005 - DATE AND TIME OF LATEST TRANSACTION | |
| control field | 20110725102014.0 |
| 008 - FIXED-LENGTH DATA ELEMENTS--GENERAL INFORMATION | |
| fixed length control field | 750730s1949 enk 001 0 engd |
| 010 ## - LIBRARY OF CONGRESS CONTROL NUMBER | |
| LC control number | 49022025 |
| 035 ## - SYSTEM CONTROL NUMBER | |
| System control number | (OCoLC)1489951 |
| 040 ## - CATALOGING SOURCE | |
| Original cataloging agency | DLC |
| Transcribing agency | FU |
| Modifying agency | MoSU-L |
| -- | DLC |
| 042 ## - AUTHENTICATION CODE | |
| Authentication code | premarc |
| 043 ## - GEOGRAPHIC AREA CODE | |
| Geographic area code | e-uk--- |
| 050 00 - LIBRARY OF CONGRESS CALL NUMBER | |
| Classification number | KD2149 |
| Item number | .W54 1949 |
| 082 ## - DEWEY DECIMAL CLASSIFICATION NUMBER | |
| Classification number | 346.078 ARD |
| 100 1# - MAIN ENTRY--PERSONAL NAME | |
| Personal name | Aronson, V. R. |
| Fuller form of name | (Victor Rees), |
| Dates associated with a name | 1880-1951. |
| 9 (RLIN) | 1685 |
| 245 10 - TITLE STATEMENT | |
| Title | Williams' law and practice in bankruptcy. |
| 250 ## - EDITION STATEMENT | |
| Edition statement | 16th ed. / |
| Remainder of edition statement | by V.R. Aronson and Muir Hunter. |
| 260 ## - PUBLICATION, DISTRIBUTION, ETC. (IMPRINT) | |
| Place of publication, distribution, etc | London : |
| Name of publisher, distributor, etc | Stevens & Sons, |
| Date of publication, distribution, etc | 1949. |
| 300 ## - PHYSICAL DESCRIPTION | |
| Extent | xcvi, 1032 p. ; |
| Dimensions | 26 cm. |
| 500 ## - GENERAL NOTE | |
| General note | Includes index. |
| 525 ## - SUPPLEMENT NOTE | |
| Supplement note | Kept up to date by supplements. |
| 650 #0 - SUBJECT ADDED ENTRY--TOPICAL TERM | |
| Topical term or geographic name as entry element | Bankruptcy |
| Geographic subdivision | Great Britain. |
| 9 (RLIN) | 1686 |
| 700 1# - ADDED ENTRY--PERSONAL NAME | |
| Personal name | Hunter, Muir. |
| 9 (RLIN) | 1611 |
| 700 1# - ADDED ENTRY--PERSONAL NAME | |
| Personal name | Williams, Roland L. Vaughan |
| Fuller form of name | (Roland Lomax Vaughan), |
| Dates associated with a name | 1838-1916. |
| Title of a work | Law and practice in bankruptcy. |
| 9 (RLIN) | 1687 |
| 740 0# - ADDED ENTRY--UNCONTROLLED RELATED/ANALYTICAL TITLE | |
| Uncontrolled related/analytical title | Law and practice in bankruptcy. |
| 906 ## - LOCAL DATA ELEMENT F, LDF (RLIN) | |
| a | 7 |
| b | cbc |
| c | oclcrpl |
| d | u |
| e | ncip |
| f | 19 |
| g | y-gencatlg |
| 942 ## - ADDED ENTRY ELEMENTS (KOHA) | |
| Source of classification or shelving scheme | Dewey Decimal Classification |
| Koha item type | Books |
| Withdrawn status | Lost status | Source of classification or shelving scheme | Damaged status | Not for loan | Home library | Current library | Shelving location | Date acquired | Total Checkouts | Full call number | Barcode | Date last seen | Price effective from | Koha item type |
|---|---|---|---|---|---|---|---|---|---|---|---|---|---|---|
| Dewey Decimal Classification | Law Development Centre Main Library | Law Development Centre Main Library | Text Books and Laws | 04/26/2011 | 346.078 ARD | 2011/2779 | 04/26/2011 | 04/26/2011 | Books | |||||
| Dewey Decimal Classification | Law Development Centre Main Library | Law Development Centre Main Library | Text Books and Laws | 04/26/2011 | 346.078 ARD | 4001 | 04/26/2011 | 04/26/2011 | Books | |||||
| Dewey Decimal Classification | Law Development Centre Main Library | Law Development Centre Main Library | Text Books and Laws | 04/26/2011 | 346.078 ARD | 4002 | 04/26/2011 | 04/26/2011 | Books | |||||
| Dewey Decimal Classification | Law Development Centre Main Library | Law Development Centre Main Library | Text Books and Laws | 04/26/2011 | 346.078 ARD | 4003 | 04/26/2011 | 04/26/2011 | Books |
